000
00279nam a22001217a 4500
040
_c
SY
082
_a
338
100
_a
STATISTICS OFFICE
245
_a
Agricultural statistics, ស្ថិតិកសិកម្ម
260
_a
RUA
_b
STA
_c
2006
300
_a
100p.
942
_c
KB
999
_c
9773
_d
9773